| 000 | 00461cam a2200193ua 4500 | ||
|---|---|---|---|
| 020 | _c35.00 | ||
| 041 |
_aeng _h |
||
| 082 |
_a531 _bBHA/TE |
||
| 100 | _aSharma, G.S . | ||
| 245 |
_aText book of mechanics / _cG.S Sharma. _hTextual Documents |
||
| 250 |
_a5 / _b. |
||
| 260 |
_aAgra : _bRatan Prakashan Mandir , _c1985. |
||
| 300 | _a636 ; . | ||
| 365 | _a35.00 | ||
| 504 | _a | ||
| 700 | 1 | _aBhargava, D.N . | |
| 942 | _cBK | ||
| 999 |
_c7510 _d7510 |
||